The superman / (Record no. 891760)
[ view plain ]
| 000 -LEADER | |
|---|---|
| fixed length control field | 00936nam a2200325 a 4500 |
| 001 - CONTROL NUMBER | |
| control field | vtls001438951 |
| 003 - CONTROL NUMBER IDENTIFIER | |
| control field | NLI |
| 005 - DATE AND TIME OF LATEST TRANSACTION | |
| control field | 20250826154729.0 |
| 008 - FIXED-LENGTH DATA ELEMENTS--GENERAL INFORMATION | |
| fixed length control field | 121130s1991 ii 000 0 eng |
| 020 ## - INTERNATIONAL STANDARD BOOK NUMBER | |
| Terms of availability | Rs. 3.00 (pbk.) |
| International Standard Book Number | 8170582709 |
| Qualifying information | pbk |
| 040 ## - CATALOGING SOURCE | |
| Original cataloging agency | NLI |
| Language of cataloging | eng |
| Transcribing agency | English Processing Division |
| Description conventions | AACR2 |
| 041 0# - LANGUAGE CODE | |
| Language code of text/sound track or separate title | eng |
| 044 ## - COUNTRY OF PUBLISHING/PRODUCING ENTITY CODE | |
| MARC country code | ii |
| 082 04 - DEWEY DECIMAL CLASSIFICATION NUMBER | |
| Edition number | 23rd |
| Classification number | 181.45 |
| Item number | Au 68 s (6) |
| 100 0# - MAIN ENTRY--PERSONAL NAME | |
| Personal name | Aurobindo, |
| Titles and words associated with a name | Sri, |
| Dates associated with a name | 1872-1950 |
| 9 (RLIN) | 689130 |
| 245 14 - TITLE STATEMENT | |
| Title | The superman / |
| Statement of responsibility, etc. | Sri Aurobindo |
| 250 ## - EDITION STATEMENT | |
| Edition statement | 6th ed. |
| 260 ## - PUBLICATION, DISTRIBUTION, ETC. | |
| Place of publication, distribution, etc. | Pondicherry : |
| Name of publisher, distributor, etc. | Sri Aurobindo Ashram, |
| Date of publication, distribution, etc. | 1991. |
| 300 ## - PHYSICAL DESCRIPTION | |
| Extent | 20 p. ; |
| Dimensions | 18 cm. |
| 650 #0 - SUBJECT ADDED ENTRY--TOPICAL TERM | |
| Topical term or geographic name entry element | Superman (Philosophical concept) |
| 9 (RLIN) | 1003152 |
| 650 #0 - SUBJECT ADDED ENTRY--TOPICAL TERM | |
| Topical term or geographic name entry element | Philosophy, Indic |
| 9 (RLIN) | 1624637 |
| 887 ## - NON-MARC INFORMATION FIELD | |
| Content of non-MARC field | Sanchita Majumder (Int.) |
| 887 ## - NON-MARC INFORMATION FIELD | |
| Content of non-MARC field | Priyanka Banik(Int.) |
| 887 ## - NON-MARC INFORMATION FIELD | |
| Content of non-MARC field | Pravinbp1 |
| 901 ## - LOCAL DATA ELEMENT A, LDA (RLIN) | |
| a | DB61643 |
| b | 06.05.1992 |
| 902 ## - LOCAL DATA ELEMENT B, LDB (RLIN) | |
| a | E 160 Au 68 |
| 904 ## - LOCAL DATA ELEMENT D, LDD (RLIN) | |
| l | 1456 |
| 942 ## - ADDED ENTRY ELEMENTS (KOHA) | |
| Source of classification or shelving scheme | Dewey Decimal Classification |
| Koha item type | Books |
| 949 ## - LOCAL PROCESSING INFORMATION (OCLC) | |
| 6 | DBA000061643ENG |
| Withdrawn status | Lost status | Source of classification or shelving scheme | Materials specified (bound volume or other part) | Damaged status | Not for loan | Collection code | Home library | Current library | Shelving location | Date acquired | Source of acquisition | Full call number | Barcode | Date last seen | Price effective from | Koha item type |
|---|---|---|---|---|---|---|---|---|---|---|---|---|---|---|---|---|
| Dewey Decimal Classification | pbk | New English | National Library of India | National Library of India | New English - Main Stack Division | 06/05/1992 | DBA | E 181.45 Au 68 s (6) | DBA000061643ENG | 27/06/2021 | 27/06/2021 | Books |
